| 000 | 00544nam a22002057a 4500 | ||
|---|---|---|---|
| 001 | 00260 | ||
| 003 | DO-SdBNP | ||
| 005 | 20180122110525.0 | ||
| 008 | 151130b 1993 dr xxu||||| |||| 00| 0 spa d | ||
| 040 |
_aBPMSU _bspa _cBPMSU |
||
| 092 |
_axxxx _bxxxx |
||
| 100 | 1 | _a Suriel, Orlando | |
| 245 | 1 | 0 |
_aDesde la sima / _cOrlando Suriel (Sueko). |
| 260 |
_aSanto Domingo, _bTaller, _c1993. |
||
| 300 |
_a217 p. : _bil. ; _c18 cm. |
||
| 910 | _a00260 | ||
| 942 |
_2ddc _cBK |
||
| 945 | _ainventariado, 2018 / dg | ||
| 956 |
_aLorenza Pérez _b10 |
||
| 999 |
_c8959 _d8959 |
||